| 000 | 01454namaa22003371i 4500 | ||
|---|---|---|---|
| 005 | 20260110134322.0 | ||
| 008 | 251214s1995 ua a|||frm||| 000 0 eng d | ||
| 040 |
_aEG-GICUC _beng _cEG-GICUC _dEG-GICUC _erda |
||
| 041 | 0 |
_aeng _beng _bara |
|
| 049 | _aDeposit | ||
| 097 | _aPh.D | ||
| 099 | _aCai01.12.20.Ph.D.1995.Al.T. | ||
| 100 | 0 |
_aAl-Zahraa Abd El-Rahman Mohamed El-Feky, _epreparation. |
|
| 245 | 1 | 0 |
_aThermodynamical and physicochemical studies of conductive butyl rubber / _cBy Al-Zahraa Abd El-Rahman Mohamed El-Feky ; Supervisoved Prof. Dr. H. H. Hassan, Prof. Dr. M. Amin, Prof. Dr. H M. Osma, Prof. Dr. Nazik A. Farid |
| 246 | 1 | 5 | _aدراسة الخواص الحرارية الديناميكية والفيزوكيميائية لمطاط البيوتايل الموصل |
| 264 | 0 | _c1995. | |
| 300 |
_a80 Leaves : _billustrations _c30 cm. + |
||
| 336 |
_2rda content _atext |
||
| 337 |
_2rdamedia _aUnmediated |
||
| 338 |
_2rdacarrier _avolume |
||
| 502 | _aThesis (Ph.D)-Cairo University, 1995. | ||
| 504 | _aBibliography: pages 72-80 | ||
| 653 | 0 | _abutyl rubber | |
| 700 | 0 |
_aH. H. Hassan _ethesis advisor. |
|
| 700 | 0 |
_aM. Amin _ethesis advisor. |
|
| 700 | 0 |
_aH M. Osma _ethesis advisor. |
|
| 700 | 0 |
_aNazik A. Farid _ethesis advisor. |
|
| 900 |
_DDepartment of Physics _FFaculty of Science _UCairo University _b1995 _cH. H. Hassan _cM. Amin _cH M. Osma _cNazik A. Farid |
||
| 905 |
_aNehad _eNourhan |
||
| 942 |
_2ddc _cTH _e21 _n0 |
||
| 999 | _c176694 | ||